The fascination with surface gives this most basic of building types an intelligence and enquiry that is palpable (Record no. 76494)
[ view plain ]
| 000 -LEADER | |
|---|---|
| fixed length control field | 00680cab a2200169 4500 |
| 001 - CONTROL NUMBER | |
| control field | ##L132561 |
| 008 - FIXED-LENGTH DATA ELEMENTS--GENERAL INFORMATION | |
| fixed length control field | 060217n2006 000 0 eng u |
| 035 ## - SYSTEM CONTROL NUMBER | |
| System control number | (Sirsi) u132561 |
| 041 0# - LANGUAGE CODE | |
| Language code of text/sound track or separate title | eng |
| 100 1# - MAIN ENTRY--PERSONAL NAME | |
| Personal name | Gillespie, Neil |
| 245 04 - TITLE STATEMENT | |
| Title | The fascination with surface gives this most basic of building types an intelligence and enquiry that is palpable |
| 260 ## - PUBLICATION, DISTRIBUTION, ETC. | |
| Date of publication, distribution, etc. | 2006 |
| 490 #0 - SERIES STATEMENT | |
| Series statement | Architects' Journal |
| Volume/sequential designation | 223(4) 2 February 2006, 24-35(12) |
| 520 ## - SUMMARY, ETC. | |
| Summary, etc. | Reports on the design and architecture of the John Knox Street workshops in Clydebank, Scotland. Contains sections, site planand costings. |
| 690 ## - LOCAL SUBJECT ADDED ENTRY--TOPICAL TERM (OCLC, RLIN) | |
| Topical term or geographic name as entry element | PROPERTY-INDUSTRIAL PROPERTY-LIGHT INDUSTRIAL PROPERTY |
| 942 ## - ADDED ENTRY ELEMENTS (KOHA) | |
| Suppress in OPAC | 0 |
| Withdrawn status | Lost status | Source of classification or shelving scheme | Damaged status | Not for loan | Home library | Current library | Shelving location | Date acquired | Total Checkouts | Full call number | Barcode | Date last seen | Copy number | Price effective from | Koha item type |
|---|---|---|---|---|---|---|---|---|---|---|---|---|---|---|---|
| Dewey Decimal Classification | London | London | Journal article | 17/02/2006 | L132561 | 132561-1001 | 06/08/2019 | 1 | 06/08/2019 | Journal article |